Подробности
| 000 -МАРКЕР |
| контрольное поле |
01412nam0a2200289 4500 |
| 001 - ИДЕНТИФИКАТОР ЗАПИСИ |
| контрольное поле |
RU\NLR\bibl\371993 |
| 005 - ИДЕНТИФИКАТОР ВЕРСИИ |
| контрольное поле |
20260409074125.0 |
| 010 ## - МЕЖДУНАРОДНЫЙ СТАНДАРТНЫЙ НОМЕР КНИГИ (ISBN) |
| Номер (ISBN) |
5-8428-0312-7 |
| Тираж |
500 |
| 035 ## - ДРУГИЕ СИСТЕМНЫЕ НОМЕРА |
| Идентификатор записи |
(NLR Aleph) 000366508 |
| 100 ## - ДАННЫЕ ОБЩЕЙ ОБРАБОТКИ |
| Данные общей обработки |
20030228d2002 |||y0rusy50 ca |
| 101 0# - ЯЗЫК РЕСУРСА |
| Язык текста, звукозаписи и т.д. |
русский |
| -- |
английский |
| 102 ## - СТРАНА ПУБЛИКАЦИИ ИЛИ ПРОИЗВОДСТВА |
| Страна публикации |
российская федерация |
| 105 ## - ПОЛЕ КОДИРОВАННЫХ ДАННЫХ: ТЕКСТОВЫЕ МАТЕРИАЛЫ, МОНОГРАФИЧЕСКИЕ |
| Кодированные данные о монографическом текстовом документе |
a ||||||||| |
| 200 1# - ЗАГЛАВИЕ И СВЕДЕНИЯ ОБ ОТВЕТСТВЕННОСТИ |
| Основное заглавие |
Интеграция в учебном процессе |
| Сведения, относящиеся к заглавию |
Учеб.-метод. пособие для студентов фак. нач. образования |
| -- |
[По обучению англ. яз.] |
| Первые сведения об ответственности |
В.В. Левченко |
| Последующие сведения об ответственности |
М-во образования России, Самар. гос. пед. ун-т |
| 210 ## - ПУБЛИКАЦИЯ, РАСПРОСТРАНЕНИЕ И ДР. |
| Место издания, распространения и т.д. |
Самара |
| Имя издателя, распространителя и т. д. |
Изд-во СГПУ |
| Дата издания, распространения и т.д. |
2002 |
| 215 ## - ФИЗИЧЕСКАЯ ХАРАКТЕРИСТИКА |
| Специфическое обозначение материала и объем |
103 с. |
| Другие сведения о физической характеристике |
ил. |
| Размеры |
20 |
| 320 ## - ПРИМЕЧАНИЯ О НАЛИЧИИ В ДОКУМЕНТЕ БИБЛИОГРАФИИ / УКАЗАТЕЛЯ |
| Текст примечания |
Библиогр.: с. 67-75 (97 назв.) |
| 606 0# - НАИМЕНОВАНИЕ ТЕМЫ КАК ПРЕДМЕТ |
| Наименование темы |
Английский язык |
| Тематический подзаголовок |
Методика преподавания |
| -- |
Начальная школа |
| Системный номер авторитетной/нормативной записи |
970221 |
| Идентификатор авторитетной/нормативной записи |
RU\NLR\auth\6644947 |
| 606 ## - НАИМЕНОВАНИЕ ТЕМЫ КАК ПРЕДМЕТ |
| Наименование темы |
Английский язык |
| Тематический подзаголовок |
Преподавание |
| -- |
Начальная школа |
| Идентификатор авторитетной/нормативной записи |
RU\NLR\auth\661282251 |
| Системный номер авторитетной/нормативной записи |
2124015 |
| 686 ## - ИНДЕКСЫ ДРУГИХ КЛАССИФИКАЦИЙ |
| Индекс |
Ч426.179Ан.2(2)-2,01 |
| 700 #1 - ИМЯ ЛИЦА - ПЕРВИЧНАЯ ОТВЕТСТВЕННОСТЬ |
| Код отношения |
Автор |
| Материалы, к которым относится поле |
rus |
| Графика поля |
Кириллица |
| Начальный элемент ввода |
Левченко |
| Часть имени, кроме начального элемента ввода |
В. В. |
| Дополнения к именам, кроме дат |
д-р пед. наук |
| Расширение инициалов личного имени |
Виктория Вячеславовна |
| Идентификатор авторитетной/нормативной записи |
RU\NLR\auth\7783646 |
| Системный номер авторитетной/нормативной записи |
66574 |
| 801 #0 - ИСТОЧНИК ЗАПИСИ |
| Страна |
российская федерация |
| Организация |
NLR |
| Дата составления |
20030228 |
| Правила каталогизации |
PSBO |
| 801 #1 - ИСТОЧНИК ЗАПИСИ |
| Страна |
российская федерация |
| Организация |
NLR |
| Дата составления |
20030228 |
| 942 ## - ДОПОЛНИТЕЛЬНЫЕ ЭЛЕМЕНТЫ ЗАПИСИ (АБИС) |
| Тип экземпляра АБИС |
Книга |
| 980 ## - КОЛЛЕКЦИЯ |
| Название коллекции |
Национальная библиография |